[Event "Interpolis-03"]
[Site "Tilburg"]
[Date "1979.11.05"]
[Round "4"]
[White "Larsen, Bent"]
[Black "Timman, Jan H"]
[Result "1-0"]
[WhiteElo "2620"]
[BlackElo "2625"]
[Annotator "Larsen,B"]
[PlyCount "127"]
[EventDate "1979.11.01"]
[EventType "tourn"]
[EventRounds "11"]
[EventCountry "NED"]
[EventCategory "15"]
[SourceTitle "MCL"]
[Source "ChessBase"]
[SourceDate "1999.07.01"]
[SourceVersion "1"]
[SourceVersionDate "1999.07.01"]
[SourceQuality "1"]

1. c4 b6 2. b3 Bb7 3. Bb2 Nf6 4. Nf3 e6 (4... g6 $5 5. Bxf6 exf6 6. Nc3 $14) 5.
e3 d5 (5... c5) (5... Be7) (5... a6 $5 {/\d5, Ld6}) 6. cxd5 exd5 7. Bb5+ c6 8.
Be2 Bd6 9. Nc3 O-O 10. Rc1 Nbd7 11. O-O Rc8 $6 (11... Qe7 {/\Tad8,Tfe8}) 12.
Re1 Qe7 13. Bf1 c5 (13... Rfe8 {/\Sf8-e6, c5} 14. g3 {/\Lg2, Tc2, d4, e4}) 14.
d4 $1 $14 Rfd8 15. g3 a6 16. Nh4 Qe6 (16... g6 $5) 17. Ne2 Re8 18. Bg2 Rc7 19.
Rc2 {/\Da1, /\Dc1, dc, b4} a5 $6 (19... c4 20. bxc4 dxc4 21. d5 $1 Nxd5 22. Rd2
(22. Nd4 $5 Qf6 (22... Qe5 23. Nb5) (22... Qh6 23. Ndf5) 23. Nb5)) 20. Bc3 $1
$14 {/\21.dc, 21.Sf4} c4 (20... a4 21. bxa4 $16) 21. Nf4 Qe7 (21... Bxf4 22.
exf4 Qc6 23. Nf5 Nf8 24. b4 $5) 22. Nf5 Qf8 23. Nxd6 Qxd6 24. Qb1 Ne4 25. Rec1
Ba6 (25... Nxc3 $2 26. Rxc3 b5 27. bxc4 bxc4 28. Qb5 Qb4 29. Qxb4 axb4 30. R3c2
$16 {><b4, d5}) 26. Be1 Ndf6 27. h4 {/\f3} (27. Rb2 $2 c3 28. Rbc2 g5 {/\29...
Ld3}) 27... Qd8 28. bxc4 Rxc4 29. Rxc4 Bxc4 30. Nd3 Nd7 31. Nb2 Ba6 32. Qc2 $16
Qa8 33. Qc6 Qxc6 34. Rxc6 Rc8 35. Rxc8+ Bxc8 36. Bf1 $16 {[+],^^, ><d5, ><b6,a5
} Kf8 37. f3 Nd6 38. Bd3 Bb7 39. Kf2 (39. Bxh7 $4 g6) 39... Bc6 40. g4 h6 $6
41. Ke2 Ke7 42. Nd1 Ke6 43. Nf2 Bb5 44. Bxb5 Nxb5 45. Nh3 {adjourned} Kd6 46.
Kd3 Nf8 47. Nf4 Ne6 48. Ne2 $1 $18 Kc6 49. e4 f6 50. Bd2 Kd6 51. a4 Nbc7 52.
Nc3 Kc6 53. h5 $1 Kd6 (53... Ng5 54. exd5+ Nxd5 55. Nxd5 Kxd5 56. Bxg5 hxg5 57.
Kc3 $18) 54. Be3 Kc6 55. f4 dxe4+ (55... Kd6 56. e5+ Kc6 57. f5) 56. Kxe4 Kd6
57. Bc1 Kd7 58. Ba3 Ke8 59. d5 Nd8 (59... Nc5+ 60. Bxc5 bxc5 61. Kd3) 60. Kd4
Kd7 61. Kc4 Ne8 62. Ne4 Nf7 63. Bf8 Nd8 (63... Nfd6+ 64. Bxd6 Nxd6+ 65. Nxd6
Kxd6 66. Kb5) (63... Kc7 64. Kb5 {/\65.d6}) 64. Ng3 1-0

[Event "Ticino op"]
[Site "Ticino"]
[Date "1994.??.??"]
[Round "5"]
[White "Erdelyi, Tamas"]
[Black "Legky, Nikolay A"]
[Result "0-1"]
[WhiteElo "2300"]
[BlackElo "2510"]
[Annotator "Legky,N"]
[PlyCount "82"]
[EventDate "1994.??.??"]
[EventType "swiss"]
[EventRounds "7"]
[EventCountry "SUI"]
[SourceTitle "CBM 044"]
[Source "ChessBase"]
[SourceDate "1995.02.01"]
[SourceVersion "1"]
[SourceVersionDate "1995.02.01"]
[SourceQuality "1"]

1. Nf3 d5 2. c4 e6 3. g3 Nf6 4. Bg2 c6 5. b3 a5 $5 6. Na3 $5 Nbd7 7. Bb2 Bd6 (
7... Be7 $32 8. O-O b6 9. cxd5 exd5 {/\BB7=/}) 8. O-O Qe7 9. Qc1 $5 O-O 10. d3
Nc5 $6 (10... Nb8 $5) (10... b6 $2 11. cxd5 $16) 11. Nc2 Bd7 $6 (11... b6 $32)
12. Qg5 $5 (12. Qd2 $1 {/\Rad1,e4+/=/}) 12... h6 13. Qh4 (13. Bxf6 Qxf6 14.
Qxf6 gxf6 $10) 13... Rfc8 $6 (13... Nh7 $32) 14. Rad1 Nh7 15. Qd4 $2 (15. Qxe7
Bxe7 16. e4 $1 $16) 15... f6 $5 (15... Qf6 $10) 16. Qe3 Na6 17. a3 e5 18. d4 $2
(18. Qd2 $1) 18... e4 $17 19. Nd2 f5 20. c5 Bc7 21. f3 Nf6 22. b4 Rf8 23. Qb3
$2 a4 $1 24. Qa2 (24. Qxa4 Nxc5 $19) 24... e3 25. Nb1 f4 $19 26. g4 Rae8 (26...
Bxg4 $1 27. fxg4 Nxg4 $40 28. Ne1 Nxh2 $19) 27. Nc3 g5 (27... Bxg4 28. fxg4
Nxg4 29. Nxd5 $1 $13) (27... h5 $5 28. g5 Nh7 29. h4 Nxg5 $40) 28. Ne1 h5 29.
h3 Qh7 30. b5 $1 {(.)/} (30. Qb1 Qh6 31. Nd3 hxg4 32. hxg4 Bxg4 33. fxg4 f3 $19
) 30... Nb8 (30... hxg4 $1) 31. b6 Bd8 32. Nxa4 $2 (32. Qb1 Qh6 33. Nd3 $17)
32... Kg7 33. Qb1 Qh6 34. Nd3 hxg4 35. fxg4 Bxg4 $1 36. hxg4 Rh8 37. Rf3 $8
Qh2+ 38. Kf1 Rh4 39. Ne5 Ne4 $1 40. Nc3 Reh8 41. Nxe4 (41. Rh3 Rxh3 42. Nxe4
dxe4 43. Qxe4 Qh1+ $1 44. Bxh1 Rxh1+ 45. Kg2 (45. Qxh1 Rxh1+ 46. Kg2 Rxd1)
45... R8h2+ 46. Kf3 Rf2#) 41... Qh1+ $1 0-1

[Event "Tata Steel-B 74th"]
[Site "Wijk aan Zee"]
[Date "2012.01.22"]
[Round "8"]
[White "Reinderman, Dimitri"]
[Black "Potkin, Vladimir"]
[Result "0-1"]
[WhiteElo "2581"]
[BlackElo "2684"]
[Annotator "Let's Check"]
[PlyCount "92"]
[EventDate "2012.01.14"]
[EventType "tourn"]
[EventRounds "13"]
[EventCountry "NED"]
[EventCategory "15"]
[SourceTitle "CBM 147"]
[Source "ChessBase"]
[SourceDate "2012.03.16"]
[SourceVersion "1"]
[SourceVersionDate "2012.03.16"]
[SourceQuality "1"]

1. c4 e6 2. g3 d5 3. Bg2 Nf6 4. Nf3 dxc4 5. Qc2 c5 6. Na3 Be7 7. Nxc4 O-O 8. b3
Nc6 9. Bb2 Nd5 10. O-O b5 11. Nce5 Nxe5 12. Nxe5 Bb7 13. Rfd1 Rc8 14. a4 f6 15.
Nd3 Nb4 16. Nxb4 cxb4 17. Qb1 Bxg2 18. Kxg2 Qd5+ 19. e4 Qxb3 20. axb5 Bc5 21.
Qa2 Qxa2 22. Rxa2 Rfd8 23. d4 Bb6 24. Ra4 Rc4 25. Rb1 e5 26. dxe5 Rd2 27. exf6
Rxf2+ 28. Kh3 gxf6 29. Ba1 Rcc2 30. Kg4 Kf7 $2 (30... Rxh2 31. Rf1 b3 $19) 31.
h4 $17 Bc5 32. Ra6 $6 (32. Rbxb4 Bxb4 33. Rxb4 $17) 32... Rce2 $6 (32... Rc4
33. Kh3 Rxe4 $19) 33. Rc6 $6 (33. e5 Re4+ 34. Kh3 $17) 33... Rxe4+ $19 34. Kh3
Bb6 35. Rd1 b3 36. Rdd6 b2 37. Bxb2 Rxb2 38. Rxf6+ Ke8 39. Rf5 Re7 40. h5 Rb3
41. h6 Rbe3 42. Rg5 R3e5 43. Kg4 Rxg5+ 44. Kxg5 Bd8 45. Kf5 Rb7 46. Rc5 Rb6 0-1

[Event "EU-ch 12th"]
[Site "Aix les Bains"]
[Date "2011.04.02"]
[Round "11"]
[White "Ftacnik, Lubomir"]
[Black "Goganov, Aleksey"]
[Result "1/2-1/2"]
[WhiteElo "2578"]
[BlackElo "2469"]
[Annotator "Marchand,A/Primel,D"]
[PlyCount "99"]
[EventDate "2011.03.22"]
[EventType "swiss"]
[EventRounds "11"]
[EventCountry "FRA"]
[SourceTitle "CBM 142 Extra"]
[Source "ChessBase"]
[SourceDate "2011.06.27"]
[SourceVersion "1"]
[SourceVersionDate "2011.06.27"]
[SourceQuality "1"]

1. c4 e6 2. Nf3 Nf6 3. g3 a6 $5 {[%cal Gb7b5] Une ligne secondaire du GMI
ROMANISHIN} 4. Bg2 b5 5. b3 {87} Bb7 {85} 6. O-O (6. Nc3 $142 b4 7. Na4 d6 8.
a3 (8. d4 Nbd7 9. O-O Be7 10. Ne1 Bxg2 11. Kxg2) 8... a5 9. O-O Be7 10. Bb2 $14
) 6... c5 7. Nc3 Qb6 8. e3 Be7 9. Qe2 ({RR} 9. d4 Ne4 10. Bb2 O-O 11. dxc5 Bxc5
12. Qc2 Nxc3 13. Qxc3) 9... Ne4 (9... Bc6 10. Rd1 {Pantsulaia,L (2629)-Jojua,D
(2463) GEO-ch KO 67th 2008 (3.2) 1-0} (10. a4 $5 b4 11. a5 $1 Qc7 12. Na4 Qxa5
13. Bb2 O-O 14. d4 cxd4 15. exd4 d5 (15... d6 16. d5) 16. Ne5 $44 {[%csl Rc6]
[%cal Gg2a8]})) ({RR} 9... O-O 10. Rd1 Bc6 11. d4 b4 12. Na4 Bxa4 13. bxa4 cxd4
14. exd4 Nc6 15. d5 Na5 16. Bb2 Rac8 17. Rac1 Nb7) 10. Nxe4 {79} Bxe4 {65} 11.
Bb2 ({RR} 11. d3 Bb7 12. Bb2 O-O 13. Rfd1 d6 14. d4 Nd7 15. d5 exd5 16. cxd5
Bf6 17. Nh4) 11... bxc4 12. Qxc4 Qb7 $1 {[%csl Rf3] La poussée e3 a affaibli
les cases Blanches} 13. Ne1 (13. Qe2) 13... Bxg2 14. Nxg2 O-O 15. Qg4 {[%csl
Gb2] 70} f6 {53} 16. f4 $146 (16. Rad1 Nc6 17. d4 cxd4 18. exd4 Nb4 19. Ba3 a5
20. Nf4 Rf7 21. Bxb4 Bxb4 22. d5 e5 23. Nd3 Bc3 24. Nc1 Bd4 25. Ne2 Bc5 26. Qe4
d6 27. Rc1 f5 28. Qd3 a4 29. Rb1 axb3 30. axb3 Qb4 {Schlosser,P (2485)-Aseev,K
(2525)/Brno 1991/CBM 026/[Ribli]/0-1 (57)}) (16. Nf4 Nc6 $11) (16. d4 cxd4 17.
exd4 $11) 16... Qe4 $1 $132 {[%cal Ge4g4] Il faut clouer le P"f" avant qu'il
ne devienne trop dangereux ramner la Q en défense de l'aile-roi parait trés
sain.} (16... a5 {[%cal Ga5a4,Gb7b2]} 17. f5 e5 18. Nh4 a4 19. Ng6 $1 {[%csl
Rb7]}) 17. Qe2 f5 18. d3 $1 {Vade retro!} Qb7 19. g4 $5 {[%cal Gb2g7] Le
problème du plan d'ouverture de la colonne "g" est le fait qu'à part, le Bb2
et la Q, les autres pièces Blanches sont mal placées pour participer а
l'attaque.} (19. e4 $143 Nc6 {[%csl Gd4]} 20. Ne3 Nd4 $1) (19. Ne1 {[%cal
Ge1f3,Gf3e5]} Nc6 (19... a5 20. Nf3 a4 $11) 20. Nf3 Bf6 21. Bxf6 Rxf6 22. Rac1)
19... fxg4 20. Qxg4 Bf6 $1 21. Bxf6 Rxf6 22. Qh5 (22. Rac1) 22... Rf5 23. Qe8+
Rf8 24. Qe7 Nc6 $1 25. Qxc5 Nb4 26. a3 Nxd3 $6 {Quelques coups plus tard, le N
sera а la bande pendant que les pièces Blanches vont s'activer.} (26... Nd5
$142 $5 {[%cal Ga8c8,Gb7b3]}) 27. Qd4 Qb5 28. Rad1 Nc5 29. b4 $1 Na4 {[%csl
Ra4]} 30. Qxd7 (30. Rf3 $143 {[%cal Gf3g3]} Rf7 31. Rdf1 Rc8 {[%csl Rf1,Rf3]})
30... Nc3 31. Qxe6+ Kh8 32. Rd7 Rae8 33. Qg4 $40 Rg8 {[%csl Rg8]} 34. Rc7 $2 (
34. Rf3 $1 $40 {[%csl Rg8,Rh8][%cal Gf3h3,Gh3h7] Avec une Rg8 aussi passive,
il n'est pas possible que les Blancs n'aient rien dans cette position} Qe2 $2 (
34... Rd8 {[%cal Gd8d7,Gb5d7]} 35. Nh4 $3 Rxd7 (35... g5 36. Rxh7+ $1 Kxh7 37.
Qh5+ Kg7 38. Qg6+ Kf8 39. fxg5+) 36. Ng6+ {[%cal Gf3h3]}) 35. Nh4 {[%cal Gh4g6]
}) 34... Qd3 35. Rd7 Qb5 36. Re1 (36. Rf3 {[%cal Gf3h3,Gh3h7]}) (36. Nh4) 36...
Nd5 {[%cal Gd5f6,Gf6g4,Gf6d7]} 37. Qf5 (37. Rf7 Nf6) (37. Rd6) 37... Nxf4 $1 {
[%csl Rf5] Une petite combinaison qui doit sauver la partie pour les Noirs} 38.
Qxb5 Nh3+ 39. Kh1 axb5 40. Rf1 Ra8 41. Nf4 $6 Nxf4 42. exf4 $11 Rxa3 43. Rb7
Rb3 44. Rxb5 Rd8 45. f5 Rb2 $1 46. Kg1 Kg8 47. Rf2 Rb1+ 48. Kg2 Rd4 49. f6 gxf6
50. Rxf6 1/2-1/2

[Event "Ciocaltea Memorial"]
[Site "Bucharest"]
[Date "1998.??.??"]
[Round "11"]
[White "Marin, Mihail"]
[Black "Kiselev, Sergey"]
[Result "1-0"]
[WhiteElo "2545"]
[BlackElo "2510"]
[Annotator "Marin,M"]
[PlyCount "67"]
[EventDate "1998.02.??"]
[EventType "tourn"]
[EventRounds "13"]
[EventCountry "ROU"]
[EventCategory "11"]
[SourceTitle "CBM 064"]
[Source "ChessBase"]
[SourceDate "1998.06.02"]
[SourceVersion "1"]
[SourceVersionDate "1998.06.02"]
[SourceQuality "1"]

1. Nf3 {Ribli(deutsch)} Nf6 2. c4 e6 3. g3 d5 4. Bg2 {[Sergey pertenece a la
categoria de jugadores que muy raramente cambian sus variantes (y
sub-sub-variantes, desde luego). Por una parte, esto les permite a profundizar
las posiciones resultantes, pero tambien suponen un peligro bastante grande:
sus contrincantes no tendran grandes problemas en prepararse. En las tres
partidas anteriores en las cuales he tenido las blancas contra Sergey, he
optado por posiciones con el peon en d4, con resultados bastante buenos (2,5
puntos). El mas divertido fue nuestro ultimo encuentro:]} (4. d4 Bb4+ 5. Bd2
Be7 6. Bg2 O-O 7. O-O c6 8. Qc2 b6 9. Rd1 $5 Ba6 10. b3 Nbd7 11. a4 Rc8 12. a5
{(la posicion que habia analizado especialmente para esta partida)} c5 13. axb6
Qxb6 14. Qa2 Nb8 $146 15. Ba5 Qd6 16. Nbd2 cxd4 17. Nxd4 Bd8 18. cxd5 Nxd5 19.
Nc4 Qc5 (19... Bxc4 20. bxc4 $14) 20. Nf5 $1 Nb4 {(de momento, las negras se
defienden exactamente; peores serian)} (20... exf5 21. Rxd5 $16) (20... Bxc4
21. bxc4 Bxa5 22. Qxa5 Qxa5 23. Rxa5 Rxc4 24. Bxd5 $16) 21. Qd2 N4c6 22. Bxc6
Nxc6 {[#]} 23. Bc3 $3 {(Sergey me confeso despues de la partida que le habia
asociado mentalmente a esta jugada dos... interogaciones)} Bxc4 $4 {(no
sospechando nada...)} (23... exf5 $6 24. Rxa6 Be7 25. Qe3 $16) (23... Qxf5 24.
Nd6 Qg5 25. Rxa6 Qxd2 26. Bxd2 Rc7 27. Be3 $14) 24. Qh6 $1 {1-0 Marin,
M-Kiselev,S Memorial Ciocaltea 1997}) 4... dxc4 {Ribli: Nach meiner
persönlichen Meinung ist das die beste Möglichkeit für Schwarz. Er kann auf
diese Weise die Katalanische Verteidigung vermeiden, die nach 4...Be7 5.d4
entstünde. Nach der Partiefortsetzung haben wir eine dem Katalanischen
ähnliche Stellung, in der Weiß aber nicht (so leicht) d2-d4 ziehen kann. Ribli.
} 5. Qa4+ Nbd7 6. Qxc4 c5 7. Qb3 {[En un articulo publicado en la prestigiosa
revista holandesa New in Chess a esta variante se le esta asociando el nombre
del gran maestro rumano Mihai Suba. Esto se debe sin duda tanto a los grandes
esfuerzos analiticos de Suba como al gran numero de partidas suyas en esta
linea. Aunque, como reconoce el mismo "padrino" de la variante, ella le ha
traido muchos mas desenganos que exitos... Las blancas han perdido algunos
tiempos con la dama, pero en cambio han atraido al caballo negro a una
posicion bastante mala y han conseguido una superioridad potencial en el
centro.] Das ist der einzige Zug, der dem Schwarzen Probleme bereitet. Die
Dame steht aktiv auf b3.} Bd6 {[Esta jugada esta considerada como prematura.
La variante principal comienza con]} (7... Rb8 {aplazando de momento la
decision con respecto a la casilla donde va a mover el alfil.}) 8. a4 {Weiß
sucht mit Na3-Nc4 oder Na3-Nb5 die Initiative am Damenflügel.} (8. Nc3 {Ribli}
O-O 9. d3 (9. O-O a6 10. Rd1 e5 11. e3 b5 12. d4 exd4 13. Nxd4 cxd4 14. Rxd4
Ne5 15. Qd1 Bg4 16. f3 Nxf3+ 17. Bxf3 Bxf3 18. Qxf3 Qc7 $15 {0-1 Dizdarevic,
E-Ribli,Z/Sarajevo 1985 (34)}) 9... a6 10. a4 Bc7 11. Qa2 Ba5 12. O-O Ra7 13.
Nd2 b6 14. Nc4 Bb4 15. Nd6 Ne5 16. Nxc8 Qxc8 17. Rd1 Nc6 18. Bd2 h6 19. Rac1
Rd8 20. Ne4 Nxe4 21. Bxe4 Bxd2 22. Rxd2 a5 23. Qc4 Nb4 {1/2-1/2 Sorokin,
M-Kiselev,S/Spring op 1990 (27)}) (8. Na3 {Ribli} O-O 9. O-O Qe7 10. Nb5 Bb8
11. a4 a6 12. Nc3 Bd6 13. d3 Rb8 14. a5 h6 {1/2-1/2 Lalic,B-Psakhis,L/Benasque
1995}) 8... O-O (8... Rb8 {Ribli} 9. Na3 a6 10. Nc4 Bc7 11. a5 $14 O-O 12. O-O
Nd5 13. d3 b5 14. axb6 N7xb6 15. Nxb6 Rxb6 16. Qc2 Rb5 17. Bg5 Qd7 18. Rfc1 Bb7
19. Bd2 Rb8 20. b3 {+/= Lalic,B-Oll,L/Cordoba 1992 (22)}) 9. Na3 Ne5 {[Sergey
quiere deshacerse de este caballo sin futuro.] Es ist verständlich, daß
Schwarz die Entwicklungsprobleme am Damenflügel lösen möchte, aber er spielt
im Sinne des weißen Plans.} (9... a6 10. Nc4 Bc7 11. a5 {dejaria a las negras
con demasiadas islas de peones.}) (9... Nd5 $5 {[%csl Rb4] Ribli} 10. Nb5 N7f6
11. Nxd6 Qxd6 $11 {Weiß besitzt das Läuferpaar, aber Schwarz kann einfach 12...
b6 und 13...Bb7 mit fester Stellung spielen. Der Punkt b4 bleibt eine ewige
Schwäche im weißen Lager.}) 10. Nxe5 Bxe5 11. Nc4 {Der Springer dominiert
durch seine ausgezeichnete Stellung auf c4 den Damenflügel.} (11. O-O {Ribli}
Rb8 12. d3 b6 13. Nc4 Bc7 14. Bd2 Nd5 15. Rfd1 a6 16. Qc2 Bb7 17. Ne3 Qe7 18.
Rac1 Nxe3 19. Bxe3 Bxg2 20. Kxg2 Bd6 21. d4 Rfc8 22. Qd3 Qb7+ 23. Kg1 h6 $11 {
1/2-1/2 Voiska,M-Maric,A/Novi Sad olw 1990 (33)}) 11... Bc7 12. Qa3 {Statt der
schablonenhaften kurzen Rochade nutzt Weiß die Zeit zu aktivem Spiel am
Damenflügel.} (12. O-O {Ribli} Rb8 13. Qa3 b6 $11 {[%csl Ra3]}) 12... Nd7 {
[El segundo caballo esta obligado tambien a cerrar la columna d y la diagonal
del alfil de casillas blancas.] Eine schwere Entscheidung, aber sonst ist es
nicht leicht den c5-Bauern zu verteidigen.} (12... Qe7 {seria mal por} 13. d4
Nd7 14. Be3) 13. O-O {[Una teorema basicas de Suba dice que hay que aplazar el
enroque lo mas posible, en la lucha por la iniciativa. Esto vale tambien para
esta posicion. Mejor era] Der Läufer g2 ist sehr wertvoll auf der langen
Diagonalen.} (13. d3 $1 Rb8 (13... Qe7 14. Bd2 Ne5 15. Rc1 Nxc4 16. Rxc4 Bd6
17. Be3) 14. Bd2 b6 15. b4 {y las blancas han realizado en buenas condiciones
esta ruptura tipica, por ejemplo:} cxb4 $2 16. Bxb4 Re8 17. Nd6) 13... Rb8 14.
d3 b6 15. b4 {[Ahora ya es tarde para]} (15. Bd2 {por} Ne5) 15... cxb4 (15...
Ne5 {perderia un peon despues de} 16. bxc5) (15... Bb7 16. Bxb7 Rxb7 17. Bb2 {
tambien dejaba una pequena pero estable ventaja a las blancas.} (17. b5 $6 Ne5
$1) (17. b5 $14 {Ribli Weiß hat Raumvorteil am Damenflügel.})) 16. Qxb4 Nf6 {
Leider kann Schwarz nicht den Läufer g2 abtauschen.} (16... Bb7 $2 {seria un
grave error por} 17. Bxb7 a5 (17... Rxb7 18. Na5 Rb8 (18... Bd6 {Ribli} 19.
Nxb7 Bxb4 20. Nxd8 $18) 19. Nc6) 18. Qb5 Rxb7 19. Nxa5) 17. Ba3 Re8 18. Rfc1
Nd5 (18... Bb7 {Ribli} 19. Bxb7 Rxb7 20. Na5 Rb8 (20... Bd6 21. Nxb7 Bxb4 22.
Nxd8 Bxa3 23. Rxa3 Rxd8 24. Rac3 $18) 21. Nc6 $16 {[%cal Rc6b8,Rc6d8]}) 19. Qb2
Bb7 20. Ne5 {[Tras una larga reflexion he decidido que no hay nada mejor que
deplazar el caballo de su posicion muy estetica. Tambien se podia haber
intentado]} (20. Rc2 Bc6 21. Nd6 Bxd6 22. Rxc6 {con posicion similar a la que
podria haber surgido en la partida despues de las mejores jugadas por la parte
de las negras.}) 20... Ne7 $2 {[Practicamente el error decisivo. Las negras
tendrian que haber mantenido el caballo en su dominante posicion, renunciando
en cambio a unos de sus alfiles. Pero, cual de ellos?]} (20... Bxe5 $6 {
dejaria a las blancas con una comoda ventaja despues de} 21. Qxe5 Rc8 22. Rc4
f6 23. Qd4 Qd7 24. Rac1 e5 25. Qh4 {pero bastante satisfactorio hubiera sido})
(20... Bd6 21. Nc6 Bxc6 22. Rxc6 Bxa3 23. Qxa3 Rc8 (23... Qd7 $2 {dejaria a
las blancas con un final muy agradable despues de} 24. Rac1 Rbc8 25. Bxd5 exd5
26. Rxc8 Rxc8 27. Rxc8+ Qxc8 28. Qd6) 24. Rac1 Rxc6 25. Rxc6 Qd7) 21. Nc6 $1
Nxc6 22. Bxc6 Bxc6 23. Rxc6 {Weiß hat dauerhafte Initiative am Damenflügel.
Seine Herrschaft über die c-Linie ist für Schwarz sehr unangenehm.} Qd7 24.
Rac1 {[#]Ahora la superiodad de las blancas es evidente. El control total de
la columna c como la pesima colocacion del alfil negro son decisivas.} Bd8 (
24... Rb7 25. a5 $5) (24... Rbc8 {Ribli} 25. Qc2 $18 {[%csl Rc7][%cal Rc1c8]} (
25. Qc3 Be5 $1 {[%cal Rc8c1,Re5c3]})) 25. Qb5 {Weiß droht 26.Rc8 mit großem
Übergewicht zu spielen.} Be7 26. Bb2 $1 {[Tengo que reconocer que al efectuar
esta jugada me acorde de la partida ya citada contra Sergey, ya que la casilla
g7 no tiene suficiente proteccion. Sin embargo, lo mas importante es que las
negras siguen sin tener que hacer con su proprio alfil. Se amenaza tanto Rc7
como Rxb6 o un ataque directo al rey.]} (26. Bxe7 {Ribli} Rxe7 27. Rc7 $2 Qxc7
28. Rxc7 Rxc7 $15 {[%cal Gc7c1] Die schwarzen Türme scheinen mir der weißen
Dame überlegen.}) 26... Rb7 (26... Bd6 {no cambiaria mucho:} 27. R1c4 (27. Rxb6
Qxb5 28. Rxb5 Rxb5 29. axb5 {me parece menos exacto por} Rb8 30. Bd4 Rxb5 31.
Rc8+ Bf8 32. Bxa7 {y las blancas aun tienen que pasar el examen de tecnica de
final.}) 27... e5 {(parando la amenaza Rd4)} 28. Rxb6 Qxb5 29. Rxb5 Rxb5 30.
axb5 Rb8 31. Rc6 Bf8 32. Bxe5 {con ventaja decisiv}) 27. Rc7 $1 Rxc7 (27...
Qxb5 {Ribli} 28. axb5 Reb8 (28... Rxc7 29. Rxc7 {Zugumstellung}) 29. Rxb7 Rxb7
30. Rc8+ Bf8 31. Ba3 $18 {[%csl Rf8][%cal Rc8f8]}) 28. Rxc7 Qxb5 29. axb5 {
Schwarz kann den a7-Bauern nicht halten und steht zudem passiv.} h5 30. Rxa7
Bc5 31. Be5 f6 $6 {[Muy apurado de tiempo, las negras simplifican la tarea de
las blancas. Despues de la relativamente mejor]} (31... Rd8 32. Rb7 Rd5 {
las blancas tendrian que encontrar la jugada} 33. Bc3 $3 {para poder contar
con la victoria} (33. Bc7 Bd4 34. e3 Bf6 35. Rxb6 Rxd3 {seria bastante
problematico, ya que las negras colocarian la torre detras del peon}) (33. Bb2
{permitiria} e5 34. Kg2 e4 $1 35. dxe4 Rd2) 33... e5 34. Kg2 {y las negras
estan paralizadas.}) 32. d4 $1 $18 Bb4 (32... fxe5 33. dxc5 bxc5 34. Rc7 {
y los peones negros caerian como las moscas} (34. Rc7 {Ribli} Rb8 35. Rxc5 $18
{[%csl Re5,Re6,Rh5][%cal Rc5h5]}) (34. b6 Rb8 35. b7 Kf7 $14)) 33. Bc7 Ba5 34.
Rb7 {[Aun no era tarde para estropearlo todo en busca de efectos esteticos:]} (
34. Rxa5 $4 bxa5 35. b6 a4) (34. Rb7 Re7 35. Rb8+ Kf7 36. Bxb6 {ya no necesita
comentarios}) 1-0

[Event "Olympiad-34"]
[Site "Istanbul"]
[Date "2000.11.09"]
[Round "12.1"]
[White "Marin, Mihail"]
[Black "Gelfand, Boris"]
[Result "1/2-1/2"]
[WhiteElo "2557"]
[BlackElo "2681"]
[Annotator "Marin,M"]
[PlyCount "28"]
[EventDate "2000.10.28"]
[EventType "team-swiss"]
[EventRounds "14"]
[EventCountry "TUR"]
[SourceTitle "EXT 2001"]
[Source "ChessBase"]
[SourceDate "2000.11.22"]
[SourceVersion "1"]
[SourceVersionDate "2000.11.22"]
[SourceQuality "1"]
[WhiteTeam "Romania"]
[BlackTeam "Israel"]
[WhiteTeamCountry "ROU"]
[BlackTeamCountry "ISR"]

1. c4 e6 2. g3 d5 3. Bg2 dxc4 4. Na3 ({Just like} 4. Qa4+ Nd7 5. Na3 {this is
another try to take advantage of the early capture on c4.}) 4... Nf6 ({This is
a surprisingly safe way to solve the opening problems.} 4... Bxa3 5. bxa3 c6 6.
Qc2 (6. a4 e5 7. Qc2 Be6) 6... b5 7. a4 $44) 5. Nxc4 c5 6. b3 Be7 7. Bb2 O-O 8.
Nf3 (8. a4 $5) 8... b5 {This is the point behind black's strategy. Compared to
the lines with Qa4xc4 black didn't develop yet his queen side knight (Qa4 Nd7).
} 9. Nce5 Nd5 $1 {פe5} (9... Bb7 10. a4 a6 11. O-O $14) 10. e4 Nb4 11. d4 (11.
a3 N4c6 $1 (11... Nd3+ 12. Nxd3 Qxd3 13. Ne5 $16) 12. d4) 11... cxd4 12. a3 (
12. Nxd4 f6 $1) 12... N4c6 (12... f6 13. axb4 Bxb4+ 14. Ke2 fxe5 15. Nxe5 Bc3
16. Bxc3 dxc3 17. Qxd8 Rxd8 18. Rhd1 $44) 13. Nxc6 Nxc6 14. Nxd4 Nxd4 1/2-1/2